000 01615nam a2200361 c 4500
003 BLK
005 20230407030358.0
008 180408b bul|||||r ||||||| ||bul||
010 _aKNG00091817000
020 _a978-954-9660-48-7
_bиздат.: АРИАДНА
040 _aBLK
041 _aBUL
_cBUL
080 _aБългарска литература в основното училище. Методика на обучението
_b373.3.016:821.163.2
_x(075.2)(076)
_z373.3.016:821.163.2(075.2)(076)
100 1 _aКацарска, Красимира Щерева
_eпърви автор
_gКацарска-Тасева, Красимира Щерева
_9370511
139 _aКацарска, Красимира Щерева
_bК 48
245 1 0 _aЛитературни анализи за VІІІ клас
_cКрасимира Щерева Кацарска.
257 _aBGR
260 София
_bАРИАДНА
_c2009
300 _a328 с.
_c20 см
380 _a3
500 _aОфс. изд. - Съдържа и за авт. - Понятиен апарат.
650 4 _aБългарска литература - учебници за основни училища
_9250869
653 _aбългарска литература
653 _aлитературни анализи
653 _aVІІІ кл.
653 _aучебници за основни училища
653 _aучебни помагала
852 _aЦб 245558
856 4 _qpdf
_u
856 4 _qpdf
_u
942 _cKNG
_n0
944 _aCR
_c05.10.2009
_lф /
_kЛюдмила_Стоянова
944 _aED
_c07.10.2009
_lф /
_k
999 _c87187
_d87187